00821nam a22002295i 4500001000700000003000900007005001700016008004100033020001800074080001500092100003300107245007900140260003300219300002200252490002100274500002000295650005300315830002900368852005200397999001900449952012300468183218ES-MaACL20230906221832.0140130s1983 sp | |||| ||spa d a84-344-8358-0 a875.09(02)1 aAlsina Clota, José.92048610aLiteratura griega b: contenidos, métodos y problemas / cJosé Alsina. aBarcelona : bAriel, c1983. a454 p. ; c22 cm.1 aLeI. Instrumenta aBibliografía.04aLiteratura griega-xHistoria y crítica.9145990 aLeI. Instrumenta9224950 aES-MaACLjL-30035 z.- Donat. Miguel A. Velasco c183218d183218 00104070aATENEOMbATENEOMcDEPO2d2014-01-30eDONl0oL-30035p1192563r2023-02-23 00:00:00w2023-02-23yMONOGRAFIA